Qui a dit ? - Lycée Philippe Lamour - Statistiques

Statistiques générales
  • Ce quiz a été pris 6 fois
  • Le résultat moyen est 15 sur 17
Statistiques - réponses
Hint Réponse % Correct
LES CUBES Castagnet
100%
Géogebraaaaa Mme Ippolito
100%
Rendre une copie avec des ratures, c'est comme aller à un date avec une grosse tâche de ketchup Mr Connes
100%
Alors je vais prendre une petite assiette parce que j'ai une petite faim, avec un petit peu de légumes, un petit peu de riz, et une grosse saucisse ! Mr ConnesFabrice le Cantinier
100%
Ma cousine habite en Allemagne Mr Coutaud
100%
Mon fils a vu Bachar Al Assad et a dit "Papa !" Mr Coutaud
100%
C'est la... fessée de la Russie Mr Coutaud
100%
Ouais, bah je me suis bien fait chier ! Mr Ferré
100%
Mouais... Un Chibre Laser. Mr Ferré
100%
Mr Flash McQueen, on va regarder Scooby-Doo et les monstres ! Mr Marie
100%
C'est pour ça que je t'emmerde, toi, là-haut, avec ton téléphone. Philippe Berta
100%
On va pas continuer à peindre des espèces de connards sur des chevaux avec des couronnes pendant longtemps ! Vincent Capes
100%
Je suis gros Benjamin Castel
67%
Vous prenez un poulet ! Mme Amer Moussa
67%
S'il vous plaît... Mr Delonca
67%
*pleure* Simon
67%
Les hommes blancs doivent payer Mundiya Kenpanga
33%
Aucun quiz correspondant
Distribution des résultats
% des personnes avec chaque résultat
Percentile par nombre de réponses
Votre historique - résultats
Vous n’avez pas pris ce quiz